000 00571nam a2200229 a 4500
001 nice12345678
003 IN_TiNIC
005 20260116011504.0
008 050524s1958 cola grp 000 0 eng
020 _a
_c5
082 0 0 _a230
_bHAL1
100 _aHalverson,
245 _aHandbook of Christian Theology
_b Essential Information for Every Christian.
260 _aCollins
_bFantana Books
_c1958
300 _a382p
500 _aincludes index and biblioraphy
505 2 _anotes
650 _aTheology
902 _bSRS
942 _cBK
999 _c1992
_d1992